01616cam a22004094a 4500999001700000001000900017003000400026005001700030008004100047010001700088015001900105016001800124020001800142020001500160035002300175035002000198040007100218041001300289042000800302043001200310050002200322082001600344084001500360100002000375245013200395260004300527300004000570500021600610504006600826546003400892650002500926650003000951700002200981906004501003942003401048952012401082 c23472d2347214332830OSt20170126114037.0060407s2006 mauae b 001 0 eng  a 2006044999 aGBA5816662bnb7 a0133010922Uk a9780262090384 a0262090384 a(OCoLC)ocm67240806 a(OCoLC)67240806 aDLCcDLCdBAKERdC#PdVP@dUKMdMUQdYDXCPdBTCTAdOMBdNLGGCdDLC1 aenghjpn apcc aa-ja---00aNA1550b.I78 200600a720.952222 a21.602bcl1 aIsozaki, Arata.10aJapan-ness in architecture /cArata Isozaki ; translated by Sabu Kohso ; edited by David B. Stewart ; foreword by Toshiko Mori. aCambridge, Mass. :bMIT Press,cc2006. axx, 349 p. :bill., plans ;c24 cm. a"An earlier version of this text was originally to have appeared as the fifth book in the Oppositions books series under the title: The ruin of styles : selected writings of Arata Isozaki 1960-1985"--T.p. verso. aIncludes bibliographical references (p. [319]-340) and index. aTranslated from the Japanese. 0aArchitecturezJapan. 0aArchitecturexPhilosophy.1 aStewart, David B. a7bcbccorignewd1eocipf20gy-gencatlg 2lcccBOOKShNA 1550 .I78 2006 00102lcc4070aMUCbMUCcTECHd2017-01-26eDonation (BFA)l0oNA 1550 .I78 2006p32396r2018-07-06w2017-01-26yBOOKS